Wszystkie miasta Polski na literę U - Statystyki

Ogólne statystyki
  • Ten quiz został rozwiązany 744 razy
    670 od ostatniego zresetowania
  • Średni wynik to 7 z 9
Statystyki odpowiedzi
Województwo Populacja Miasto % Poprawnych
pomorskie 15199 Ustka
95%
podkarpackie 8917 Ustrzyki Dolne
87%
łódzkie 2957 Uniejów
85%
śląskie 15989 Ustroń
85%
łódzkie 1720 Ujazd
71%
opolskie 1734 Ujazd
71%
wielkopolskie 3623 Ujście
65%
podkarpackie 1427 Ulanów
62%
lubelskie 1679 Urzędów
55%
Nie znaleziono quizów pasujących do podanych kryteriów
Rozkład punktacji
Procent ludzi z każdym wynikiem
Percentyl według liczby udzielonych odpowiedzi
Twoja historia wyników
Nie rozwiązałeś tego quizu od ostatniego zresetowania